00916nam a2200253 a 450000500170000000800410001702000150005804000250007304100080009804400070010608200190011310000290013224500440016125000220020526000520022730000830027965000310036265000310039365000150042465000320043994200150047199900130048695201630049920160205145250.0140224b1987 sp ao | |||| 00| 0 spa d a8450553083 aCO-BoIAVHcCO-BoIAVH0 aspa asp04a596.0723bC38v1 aCebrian López, Rafael10aVertebrats /cRafale Cerbrian i López aSegunda edición aBarcelona :bDepartament D'Educacio Zoo,c1987. a20 páginas :bilustraciones, fotografías ;c24 x 17 cm. +e24 diapositivas 6aVertebradosvDescripción 6aVertebradosvilustraciones 6aEcología 4aDescripciones taxonómicas cLIBRO2ddc c915d915 00102ddc40708GENERALIINV2017aBogotabBogotad1999-01-13eInstitutog10000.00l0oLB-596.0723 C38vp001275r2012-12-04 00:00:00tEj. 1w2012-12-04yLIBRO